000
00283nam a22001337a 4500
008
170427b xxu||||| |||| 00| 0 eng d
020
_a
9780802715579
041
_a
eng
080
_a
54
100
_a
12
101
_a
SHM
245
_a
THE CARBON AGE
_c
ROSTON.E
942
_2
udc
_c
BK
999
_c
12238
_d
12238